Star Wars Blasters - Statistics

General Stats
  • This quiz has been taken 81 times
  • The average score is 6 of 16
Answer Stats
Picture Answer % Correct
E-11
98%
DL-44
64%
DC-17
54%
DC-17M
54%
A280C
50%
DC-15A
44%
EE-3
42%
Z-6
36%
DLT-19
34%
E-WEB
34%
DL-18
32%
T-21
30%
E-5
28%
DC-15S
22%
ELG-3A
8%
SX-21
8%
No matching quizzes found
Score Distribution
Percent of People with Each Score
Percentile by Number Answered
Your Score History
You have not taken this quiz